International public health journal

Bibliographic Details
Corporate Author: Nova Science Publishers
Format: Electronic Journal
Language:English
Published: Hauppauge, NY : Nova Science
Subjects:
Online Access:Full text available from Research Library: 01/01/2011 to present

MARC

LEADER 00000nas a22000007i 4500
001 ssj0001454281
003 WaSeSS
005 20200512172242.0
006 m d
007 cr n
008 140725c20099999nyuqr p s 0 a0eng
010 |a  2014202908 
022 |a 2374-1023  |y 1947-4989 
035 |a (WaSeSS)ssj0001454281 
037 |b Nova Science Publishers Inc., 400 Oser Ave., Suite 1600, Hauppauge, NY 11788-3619  |c $55.00 (single issue)  |c $195.00 (1 yr.) 
040 |a DLC  |b eng  |c DLC  |d OCLCO  |d COO  |d OCLCQ  |d OCLCO  |d UAB  |d CUS  |d OCLCQ  |d OCLCO  |d AU@  |d OCLCO  |d WYU  |d U3W  |d WaSeSS 
042 |a pcc  |a nsdp 
060 0 0 |a W1  |b IN827YM 
082 1 0 |a 362  |2 14 
210 0 |a Int. public heslth j.  |b (Online) 
222 0 |a International public health journal  |b (Online) 
245 0 0 |a International public health journal  |h [electronic resource]. 
260 |a Hauppauge, NY :  |b Nova Science 
310 |a Quarterly 
362 1 |a Print began with Volume 1, issue 1 (January/March 2009). 
506 |a License restrictions may limit access. 
588 |a Description based on: Volume 2, issue 1 (January/March 2010); title from PDF cover image (Nova Science website viewed on July 25, 2014). 
588 |a Latest issue consulted: Volume 3, issue 4 (October/December 2011) (viewed on July 25, 2014). 
650 0 |a Public health  |v Periodicals. 
650 7 |a Public health.  |2 fast  |0 (OCoLC)fst01082238 
650 1 2 |a Public Health  |v Periodicals. 
655 0 |a Electronic journals. 
710 2 |a Nova Science Publishers. 
776 0 8 |i Print version:  |t International public health journal  |x 1947-4989  |w (DLC) 2009202285  |w (OCoLC)310915633 
856 4 0 |z Full text available from Research Library: 01/01/2011 to present  |u https://search.proquest.com/publication/2034853